Principios de una ciencia nueva sobre la naturaleza común de las naciones IV: Del descubrimiento del verdadero Homero y del recuerdo de las cosas humanas en el resurgir de las naciones

Gespeichert in:
Bibliographische Detailangaben
1. Verfasser: Vico, Giambattista
Format: Buch
Sprache:Undetermined
Veröffentlicht: Buenos Aires, Argentina Editorial Aguilar 1956
Schlagworte:
Tags: Tag hinzufügen
Keine Tags, Fügen Sie den ersten Tag hinzu!

MARC

LEADER 00000nam a2200000Ia 4500
008 170316s9999 xx 000 0 und d
090 |a 100 V-14p v.4 
100 |a Vico, Giambattista 
245 |a Principios de una ciencia nueva sobre la naturaleza común de las naciones IV: Del descubrimiento del verdadero Homero y del recuerdo de las cosas humanas en el resurgir de las naciones 
260 |a Buenos Aires, Argentina 
260 |b Editorial Aguilar 
260 |c 1956 
300 |a 213 páginas 
650 |a FILOSOFÍA 
650 |a DESCUBRIMIENTO DEL VERDADERO HOMERO 
650 |a DEL CURSO QUE SIGUEN LAS NACIONES 
650 |a DEL RECURSO DE LAS COSAS HUMANAS EN EL RESURGIR DE LAS NACIONES 
999 |c 17837  |d 17837 
040 |a cru BVZT 
942 |c 15 D  |h 100 V-14p v.4  |2 z